000 00496nam a2200181Ia 4500
005 20250326145029.0
008 250326s9999 xx 000 0 und d
037 _aTextbook
040 _aFMSL
_beng
_cFMSL
041 _aeng
_2eng
084 _aX9W.44 M7
_qFMSL
100 _aAgrawal M D
245 0 _aEfficiency of public enterprises
_cAgrawal M D
260 _aJaipur
_bJaipur, Prateeksha Pub.
_c1987
300 _a240p
942 _cTB
_hX9W.44 M7
999 _c1306110
_d1306110